Dinozaury według zdjęcia - Statystyki

Ogólne statystyki
  • Ten quiz został rozwiązany 217 razy
  • Średni wynik to 9 z 12
Statystyki odpowiedzi
Obrazkowy Odpowiedź % Poprawnych
Triceratops
92%
Stegozaur
91%
Spinozaur
86%
Tyranozaur Rex
83%
Ankylozaur
80%
Welociraptor
80%
Brachiozaur
78%
Diplodok
78%
Karnotaur
72%
Mozazaur
67%
Barionyks
49%
Utahraptor
45%
Nie znaleziono quizów pasujących do podanych kryteriów
Rozkład punktacji
Procent ludzi z każdym wynikiem
Percentyl według liczby udzielonych odpowiedzi
Twoja historia wyników
Nie rozwiązałeś tego quizu